000 01113nam a22002417a 4500
003 OSt
005 20260506102716.0
008 260506b |||||||| |||| 00| 0 eng d
040 _aKenya National Library Service
082 _a158.1 WOT
100 _aWothaya, Jennifer
_eauthor
245 _aThe Dose of reality /
_cJennifer Wothaya
250 _a2006, (Revised Edition 2013)
300 _a144 pages ;
_c24 cm
520 _aMany parents are inspired by their children to work hard. the most unfortunate thing is that after hard work, They do not secure their properties and with their death, they leave the children helpless. The book the Dose of reality highlights an experience of a family which has gone through serious health crisis, domestic violence and oppressions by traditional cultural practices.
650 _aMotivational literature
650 _aSelf actualzation (psychology)
650 _aCondut of life
942 _2ddc
_cBK
_n0
999 _c492484
_d492484